000 00866nam a2200253Ia 4500
003 BUBTL
008 151213s9999 xx 000 0 und d
020 _a812192667X
082 _a621.3/ T3434t/ 2006
100 _aTheraja, B.L.
_9344
245 _aA Text Book of Electrical Technology (Vol-IV): Electronic Devices & Circuits in S.I. System of Units /
_cB.L.Theraja, A.K.Theraja
250 _a23rd Edn.
260 _aNew Delhi:
_bS.Chanda & Company Ltd,
_cC2006.
300 _axiv, 2736 p.:
_bill.;
_c24 cm.
500 _aIncludes Index
505 _aA Text Book Of Electrical Technology, Electrical Technology, B.L. Theraja, A.K. Theraja
650 0 _aElectrical and Electronic Engineering
_94295
650 _aComputer
700 _aTheraja, A.k.
_94298
700 _aSedha, R.S.
_94308
856 _k0
_l0
_yDownload
942 _2ddc
_cBK
999 _c2268
_d2268